000 00325nam a2200145Ia 4500
008 230312s9999||||xx |||||||||||||| ||und||
020 _a8-6302-0003-8
082 _a720.19
_bNAL-F
100 _aNaldi; Giovanna
245 0 _aOstensione
260 _bAlinari
_c2008
300 _a112
650 _aArchitecture
942 _cBK
999 _c11632
_d11632